{"text_format":"1","workbook":"xlsx","n_sheets":2,"sheets":["Мои данные","оригинал"],"not_rendered":{"charts":0,"images":0,"macros":1,"external_links":0,"defined_names":2,"comments":2,"pivot_tables":0},"unopened":[],"bounds":{"document_bytes":16777216,"sheet_cells":100000,"rows_first":2000,"rows_last":500,"rows_between":2000,"halvings":0,"cell_chars":16384,"cell_head_chars":4096},"cells_cut":0,"cells_raw":0,"read":"whole","date_system":"1900"}

{"sheet":"Мои данные","index":0,"n_rows":44,"n_cols":13,"rows_kept":44,"cut":false,"hidden":false,"merged":[[3,0,3,12],[4,0,4,12],[10,9,12,9],[10,5,10,8],[10,4,12,4],[5,0,5,12],[10,10,12,10],[10,11,12,11],[10,12,12,12],[11,7,11,8],[15,0,15,12],[10,0,12,0],[10,1,12,1],[10,2,12,2],[10,3,12,3],[11,5,11,6],[14,0,14,12]]}
[1]
["Объект: Ко"]
[]
["Локальный ресурсный сметный расчет"]
["к Локальной смете № "]
["на 1-28-3 Ф ЯМ;   л.с.2-7-2;   22 691 158;"]
[]
["Основание:"]
[]
[]
["№ п.п.","Код ресурса","Наименование","Единица измерения","Кол-во по проектным данным","Сметная стоимость",null,null,null,"Индекс","Класс груза","Масса брутто на ед.","Масса брутто общая"]
[null,null,null,null,null,"В базисных ценах, руб.",null,"В текущих ценах, руб."]
[null,null,null,null,null,"На ед.","Общая","На ед.","Общая"]
[1,"2",3,4,5,6,7,8,9,10,11,12,13]
["Ресурсы подрядчика"]
["          Материалы"]
[1,"_______________С1113-288-2 113-0263-00002","Грунт-эмаль \"СБЭ-111\"Унипол марки Б\" ТУ 2312-001-59846005-2003","кг",579.16099999999994,134.54,77920.320000000007]
[{"$f":"IF($B18=\"\",\"\",MAX($A17:A$17)+1)","v":2},"101-0324","Кислород технический газообразный","м3",43.315600000000003]
[{"$f":"IF($B19=\"\",\"\",MAX($A$17:A18)+1)","v":3},"101-1292","Уайт-спирит","т",0.82740000000000002]
[{"$f":"IF($B20=\"\",\"\",MAX($A$17:A19)+1)","v":4},"101-1522","Электроды диаметром 5 мм Э42А","т",0.11260000000000001]
[{"$f":"IF($B21=\"\",\"\",MAX($A$17:A20)+1)","v":5},"101-1757","Ветошь","кг",72.400000000000006]
[{"$f":"IF($B22=\"\",\"\",MAX($A$17:A21)+1)","v":6},"103-0230","Трубы стальные электросварные прямошовные и спирально-шовные больших диаметров группы А и Б с сопротивлением по разрыву 38 кгс/мм2 наружный диаметр 530 мм толщина стенки 10 мм","м",2.3090000000000002]
[{"$f":"IF($B23=\"\",\"\",MAX($A$17:A22)+1)","v":7},"103-0459-02070-1465прим-но","Стоимость труб стальных бесшовных горячедеформированных O159х8 ГОСТ 8732-78, 8731-74В, 100% УЗК, гарантия гидродавления, при тл. стенки более или равно 5мм фаска, сталь 09Г2С","т",1.6080000000000001,39211.760000000002,63052.51]
[{"$f":"IF($B24=\"\",\"\",MAX($A$20:A23)+1)","v":8},"103-0471-01178-1482прим-но","Стоимость труб стальных бесшовных горячедеформированных, ГОСТ 8732-78, ГОСТ 8731-74, наружный диаметр (толщина стенки) -219(8) мм, из стали марки 09Г2С.","т",115.628,36696.6,4243154.46]
[{"$f":"IF($B25=\"\",\"\",MAX($A$20:A24)+1)","v":9},"103-0485-02104-1800прим.-но","Стоимость труб стальных бесшовных горячедеформированных, ГОСТ 8732-78, ГОСТ 8731-74, наружный диаметр (толщина стенки) -426(8) мм, из стали марки 09Г2С.","т",24.698,38158.9,942448.51]
[{"$f":"IF($B26=\"\",\"\",MAX($A$20:A25)+1)","v":10},"103-0486-01374-1346прим.-но","Стоимость труб стальных бесшовных горячедеформированных, ГОСТ 8732-78, ГОСТ 8731-74, наружный диаметр (толщина стенки) -325(9) мм, из стали марки 09Г2С.(д.325х8 мм)","т",10.693,34675.379999999997,370783.84]
[{"$f":"IF($B27=\"\",\"\",MAX($A$20:A26)+1)","v":11},"103-0550","Трубы бесшовные обсадные из стали группы Д и Б с короткой треугольной резьбой наружный диаметр 273 мм толщина стенки 10,2 мм","м",0.48799999999999999]
[{"$f":"IF($B28=\"\",\"\",MAX($A$20:A27)+1)","v":12},"103-0560","Трубы бесшовные обсадные из стали группы Д и Б с короткой треугольной резьбой наружный диаметр 324 мм толщина стенки 11 мм","м",26.63]
[{"$f":"IF($B29=\"\",\"\",MAX($A$20:A28)+1)","v":13},"113-0301","Песок металлический","т",8.6869999999999994]
[{"$f":"IF($B30=\"\",\"\",MAX($A$20:A29)+1)","v":14},"401-0067-00078_13833","Бетон тяжелый, крупность заполнителя 20 мм, класс В 20 (М250)","м3",71.013999999999996,12199.47,866333.16]
[{"$f":"IF($B31=\"\",\"\",MAX($A$20:A30)+1)","v":15},"411-0001","Вода","м3",322.83600000000001]
[{"$f":"IF($B32=\"\",\"\",MAX($A$20:A31)+1)","v":16},"Расчет N3","Дополнительные расходы на транспортировку 1 тонны материалов поставки...","т",-327.95530000000002,265.79000000000002,-86825.75]
[{"$f":"IF($B33=\"\",\"\",MAX($A$20:A32)+1)","v":17},"Расчет N3","   - Дополнительные расходы на транспортировку 1 тонны материалов поставки подрядчиа,сверх учтенных 200 км (расстояние транспортировки 157 км, 3 класс грузов)","т",-0.58709999999999996,443.87,-260.60000000000002]
[{"$f":"IF($B34=\"\",\"\",MAX($A$20:A33)+1)","v":18},"Расчет N3","   - Дополнительные расходы на транспортировку 1 тонны материалов поставки подрядчиа,сверх учтенных 200 км (расстояние транспортировки 157 км,2 класс грузов)","т",-0.94,332.24,-312.31]
[{"$f":"IF($B35=\"\",\"\",MAX($A$20:A34)+1)","v":19},"Расчет N3","   - Дополнительные расходы на транспортировку 1 тонны материалов поставки подрядчика,сверх учтенных 200 км (расстояние транспортировки 157 км,1 класс грузов, кроме м/к)","т",-170.44239999999999,265.79000000000002,-45301.89]
[{"$f":"IF($B36=\"\",\"\",MAX($A$20:A35)+1)","v":20},"Расчет N3","   - Дополнительные расходы на транспортировку 1 тонны материалов поставки подрядчика,сверх учтенных 200 км (расстояние транспортировки 157 км,1 класс грузов, м/к)","т",-155.98580000000001,262.52999999999997,-40950.949999999997]
[{"$f":"IF($B37=\"\",\"\",MAX($A$20:A36)+1)","v":21},"Расчет N3","   - Дополнительные расходы на транспортировку 1 тонны материалов поставки,сверх учтенных 200 км (расстояние транспортировки 157 км, работающими вне карьеров)","т",null,299.13]
[{"$f":"IF($B38=\"\",\"\",MAX($A$20:A37)+1)","v":22},"Расчет N4","Затраты на транспортировку материалов от ж/д станции Ево-Яха до объекта строительства(расстояние транспортировки 157 км, антикорозийные лакокрасочные материалы состава АРСЕТ-Газ-2)","т",0.57920000000000005,1096.73,635.23]
[]
[]
[]
["Составил:______________"]
[]
["Проверил:______________"]

{"sheet":"оригинал","index":1,"n_rows":44,"n_cols":13,"rows_kept":44,"cut":false,"hidden":false,"merged":[[3,0,3,12],[4,0,4,12],[5,0,5,12],[10,0,12,0],[10,1,12,1],[10,2,12,2],[10,3,12,3],[10,4,12,4],[10,5,10,8],[10,9,12,9],[15,0,15,12],[10,10,12,10],[10,11,12,11],[10,12,12,12],[11,5,11,6],[11,7,11,8],[14,0,14,12]]}
[1]
["Объект: Компрессорный цех 2 этап  поз.6. Строительные работы, Дожимная компрессорная станция (II этап строительства)"]
[]
["Локальный ресурсный сметный расчет"]
["к Локальной смете № "]
["на 1-28-3 Ф ЯМ;   л.с.2-7-2;   22 691 158;"]
[]
["Основание:"]
[]
[]
["№ п.п.","Код ресурса","Наименование","Единица измерения","Кол-во по проектным данным","Сметная стоимость",null,null,null,"Индекс","Класс груза","Масса брутто на ед.","Масса брутто общая"]
[null,null,null,null,null,"В базисных ценах, руб.",null,"В текущих ценах, руб."]
[null,null,null,null,null,"На ед.","Общая","На ед.","Общая"]
[1,"2",3,4,5,6,7,8,9,10,11,12,13]
["Ресурсы подрядчика"]
["          Материалы"]
[1,"_______________С1113-288-2 113-0263-00002","Грунт-эмаль \"СБЭ-111\"Унипол марки Б\" ТУ 2312-001-59846005-2003","кг",579.16099999999994,134.54,77920.320000000007]
[{"$f":"IF($B18=\"\",\"\",MAX($A17:A$17)+1)","v":2},"101-0324","Кислород технический газообразный","м3",43.315600000000003]
[{"$f":"IF($B19=\"\",\"\",MAX($A$17:A18)+1)","v":3},"101-1292","Уайт-спирит","т",0.82740000000000002]
[{"$f":"IF($B20=\"\",\"\",MAX($A$17:A19)+1)","v":4},"101-1522","Электроды диаметром 5 мм Э42А","т",0.11260000000000001]
[{"$f":"IF($B21=\"\",\"\",MAX($A$17:A20)+1)","v":5},"101-1757","Ветошь","кг",72.400000000000006]
[{"$f":"IF($B22=\"\",\"\",MAX($A$17:A21)+1)","v":6},"103-0230","Трубы стальные электросварные прямошовные и спирально-шовные больших диаметров группы А и Б с сопротивлением по разрыву 38 кгс/мм2 наружный диаметр 530 мм толщина стенки 10 мм","м",2.3090000000000002]
[{"$f":"IF($B23=\"\",\"\",MAX($A$17:A22)+1)","v":7},"103-0459-02070-1465прим-но","Стоимость труб стальных бесшовных горячедеформированных O159х8 ГОСТ 8732-78, 8731-74В, 100% УЗК, гарантия гидродавления, при тл. стенки более или равно 5мм фаска, сталь 09Г2С","т",1.6080000000000001,39211.760000000002,63052.51]
[{"$f":"IF($B24=\"\",\"\",MAX($A$20:A23)+1)","v":8},"103-0471-01178-1482прим-но","Стоимость труб стальных бесшовных горячедеформированных, ГОСТ 8732-78, ГОСТ 8731-74, наружный диаметр (толщина стенки) -219(8) мм, из стали марки 09Г2С.","т",115.628,36696.6,4243154.46]
[{"$f":"IF($B25=\"\",\"\",MAX($A$20:A24)+1)","v":9},"103-0485-02104-1800прим.-но","Стоимость труб стальных бесшовных горячедеформированных, ГОСТ 8732-78, ГОСТ 8731-74, наружный диаметр (толщина стенки) -426(8) мм, из стали марки 09Г2С.","т",24.698,38158.9,942448.51]
[{"$f":"IF($B26=\"\",\"\",MAX($A$20:A25)+1)","v":10},"103-0486-01374-1346прим.-но","Стоимость труб стальных бесшовных горячедеформированных, ГОСТ 8732-78, ГОСТ 8731-74, наружный диаметр (толщина стенки) -325(9) мм, из стали марки 09Г2С.(д.325х8 мм)","т",10.693,34675.379999999997,370783.84]
[{"$f":"IF($B27=\"\",\"\",MAX($A$20:A26)+1)","v":11},"103-0550","Трубы бесшовные обсадные из стали группы Д и Б с короткой треугольной резьбой наружный диаметр 273 мм толщина стенки 10,2 мм","м",0.48799999999999999]
[{"$f":"IF($B28=\"\",\"\",MAX($A$20:A27)+1)","v":12},"103-0560","Трубы бесшовные обсадные из стали группы Д и Б с короткой треугольной резьбой наружный диаметр 324 мм толщина стенки 11 мм","м",26.63]
[{"$f":"IF($B29=\"\",\"\",MAX($A$20:A28)+1)","v":13},"113-0301","Песок металлический","т",8.6869999999999994]
[{"$f":"IF($B30=\"\",\"\",MAX($A$20:A29)+1)","v":14},"401-0067-00078_13833","Бетон тяжелый, крупность заполнителя 20 мм, класс В 20 (М250)","м3",71.013999999999996,12199.47,866333.16]
[{"$f":"IF($B31=\"\",\"\",MAX($A$20:A30)+1)","v":15},"411-0001","Вода","м3",322.83600000000001]
[{"$f":"IF($B32=\"\",\"\",MAX($A$20:A31)+1)","v":16},"Расчет N3","Дополнительные расходы на транспортировку 1 тонны материалов поставки...","т",-327.95530000000002,265.79000000000002,-86825.75]
[{"$f":"IF($B33=\"\",\"\",MAX($A$20:A32)+1)","v":17},"Расчет N3","   - Дополнительные расходы на транспортировку 1 тонны материалов поставки подрядчиа,сверх учтенных 200 км (расстояние транспортировки 157 км, 3 класс грузов)","т",-0.58709999999999996,443.87,-260.60000000000002]
[{"$f":"IF($B34=\"\",\"\",MAX($A$20:A33)+1)","v":18},"Расчет N3","   - Дополнительные расходы на транспортировку 1 тонны материалов поставки подрядчиа,сверх учтенных 200 км (расстояние транспортировки 157 км,2 класс грузов)","т",-0.94,332.24,-312.31]
[{"$f":"IF($B35=\"\",\"\",MAX($A$20:A34)+1)","v":19},"Расчет N3","   - Дополнительные расходы на транспортировку 1 тонны материалов поставки подрядчика,сверх учтенных 200 км (расстояние транспортировки 157 км,1 класс грузов, кроме м/к)","т",-170.44239999999999,265.79000000000002,-45301.89]
[{"$f":"IF($B36=\"\",\"\",MAX($A$20:A35)+1)","v":20},"Расчет N3","   - Дополнительные расходы на транспортировку 1 тонны материалов поставки подрядчика,сверх учтенных 200 км (расстояние транспортировки 157 км,1 класс грузов, м/к)","т",-155.98580000000001,262.52999999999997,-40950.949999999997]
[{"$f":"IF($B37=\"\",\"\",MAX($A$20:A36)+1)","v":21},"Расчет N3","   - Дополнительные расходы на транспортировку 1 тонны материалов поставки,сверх учтенных 200 км (расстояние транспортировки 157 км, работающими вне карьеров)","т",null,299.13]
[{"$f":"IF($B38=\"\",\"\",MAX($A$20:A37)+1)","v":22},"Расчет N4","Затраты на транспортировку материалов от ж/д станции Ево-Яха до объекта строительства(расстояние транспортировки 157 км, антикорозийные лакокрасочные материалы состава АРСЕТ-Газ-2)","т",0.57920000000000005,1096.73,635.23]
[]
[]
[]
["Составил:______________"]
[]
["Проверил:______________"]